| 000 | 00787nam a2200193 a 4500 | ||
|---|---|---|---|
| 001 | 000328449 | ||
| 003 | AM-YeHGA | ||
| 005 | 20250617130716.0 | ||
| 008 | 040419s1907 ai 000 | arm d | ||
| 040 | _aAM-YeHGA | ||
| 041 | 0 | _aarm | |
| 245 | 1 | 0 |
_aՀայ-թուրքական ընդհարումը Կովկասում (1905-1906 թ.) : _b(Փաստական, վիճակագրական, տեղագրական լուսաբանութիւններով) / _cԱ-Դօ. |
| 260 |
_aԵրեւան : _bտպ. Այվազեանց և Նազարեանց, _c1907. |
||
| 300 |
_a464 էջ : _bաղյս. ; _c21 սմ. |
||
| 500 | _aՏողատ. ծանոթ. | ||
| 650 | 1 | 4 | _aՀայ-թուրքական հարաբերություններ |
| 650 | 1 | 4 |
_aՊատմություն _zԿովկաս _d1905-1906 |
| 090 | _c124145 | ||
| 999 |
_c122792 _d122792 |
||